Statistiques concernant Pays par image satellite partielle n°2

Cliquez ici pour prendre le quiz!

Statistiques générales

  • Ce quiz a été pris 1,821 fois
  • Le résultat moyen est 9 sur 15

Statistiques - réponses

Answer % Correct
Etats-Unis
91%
Maroc
89%
Japon
87%
Brésil
83%
Mexique
83%
Danemark
82%
Royaume-Uni
81%
Nouvelle-Zélande
78%
Espagne
64%
Sri Lanka
44%
Suède
35%
Venezuela
35%
Papouasie-Nouvelle- Guinée
23%
Afrique du Sud
23%
Viêt Nam
19%

Distribution des résultats

Percentile by Number Answered

% des personnes avec chaque résultat

Votre développement - résultats

Vous n’avez pas pris ce quiz